<?xml version="1.0" encoding="UTF-8"?><?xml-stylesheet type="text/xsl" href="static/style.xsl"?><OAI-PMH xmlns="http://www.openarchives.org/OAI/2.0/" xmlns:xsi="http://www.w3.org/2001/XMLSchema-instance" xsi:schemaLocation="http://www.openarchives.org/OAI/2.0/ http://www.openarchives.org/OAI/2.0/OAI-PMH.xsd"><responseDate>2026-04-18T15:20:57Z</responseDate><request verb="GetRecord" identifier="oai:recam.amb.cat:20.500.14439/1453" metadataPrefix="marc">https://recam.amb.cat/rest/oai/request</request><GetRecord><record><header><identifier>oai:recam.amb.cat:20.500.14439/1453</identifier><datestamp>2025-05-07T23:45:18Z</datestamp><setSpec>com_20.500.14439_153</setSpec><setSpec>com_20.500.14439_128</setSpec><setSpec>col_20.500.14439_4329</setSpec></header><metadata><record xmlns="http://www.loc.gov/MARC21/slim" xmlns:dcterms="http://purl.org/dc/terms/" xmlns:xsi="http://www.w3.org/2001/XMLSchema-instance" xmlns:doc="http://www.lyncode.com/xoai" xsi:schemaLocation="http://www.loc.gov/MARC21/slim http://www.loc.gov/standards/marcxml/schema/MARC21slim.xsd">
   <leader>00925njm 22002777a 4500</leader>
   <datafield ind2=" " ind1=" " tag="042">
      <subfield code="a">dc</subfield>
   </datafield>
   <datafield ind2=" " ind1=" " tag="720">
      <subfield code="a">Àrea Metropolitana de Barcelona</subfield>
      <subfield code="e">author</subfield>
   </datafield>
   <datafield ind2=" " ind1=" " tag="260">
      <subfield code="c">2018-01-01</subfield>
   </datafield>
   <datafield ind2=" " ind1=" " tag="520">
      <subfield code="a">El fenomen de les urbanitzacions disperses estès per tot el territori metropolità ha deixat una empremta difícil d'integrar en el conjunt dels nuclis urbans. Un dels principals reptes que cal assumir és el de transformar aquesta tipologia residencial dispersa cap a un model de ciutat de baixa densitat vinculada al territori.  A banda de reconstruir els processos que van originar l'aparició i el posterior desenvolupament de les urbanitzacions, i d'analitzar-ne el context socioeconòmic, les directrius urbanístiques aborden els problemes actuals a través d'una visió transversal i a diferents escales. S'hi determinen aspectes relacionats amb la gestió, la reformulació dels estàndards urbanístics i, en particular, el canvi de paradigma i de model cap a un que es basi en la capacitat d'autoabastament energètic o en la recerca d'una nova identitat que potenciï els espais oberts característics de les urbanitzacions. "Teixit residencials. Urbanitzacions disperses" és el recull de les consideracions realitzades en les taules d'experts i forma part de la col·lecció "Quaderns PDU metropolità_Directrius urbanístiques", que és la plataforma de difusió d'idees, dades i noves perspectives de coneixement de l'àrea metropolitana de Barcelona i del procés de redacció del Pla director urbanístic metropolità (PDU).</subfield>
   </datafield>
   <datafield ind1="8" ind2=" " tag="024">
      <subfield code="a">2339-8922</subfield>
   </datafield>
   <datafield ind1="8" ind2=" " tag="024">
      <subfield code="a">https://hdl.handle.net/20.500.14439/1453</subfield>
   </datafield>
   <datafield ind1="8" ind2=" " tag="024">
      <subfield code="a">7470382</subfield>
   </datafield>
   <datafield ind1="8" ind2=" " tag="024">
      <subfield code="a">B 4519-2018</subfield>
   </datafield>
   <datafield tag="653" ind2=" " ind1=" ">
      <subfield code="a">Urbanitzacions</subfield>
   </datafield>
   <datafield tag="653" ind2=" " ind1=" ">
      <subfield code="a">Arquitectura domèstica</subfield>
   </datafield>
   <datafield tag="653" ind2=" " ind1=" ">
      <subfield code="a">Sòl, Ús urbà del</subfield>
   </datafield>
   <datafield ind2="0" ind1="0" tag="245">
      <subfield code="a">Teixits residencials. Urbanitzacions disperses</subfield>
   </datafield>
</record></metadata></record></GetRecord></OAI-PMH>